[Event "GER-chT U14 Girls"]
[Site "Burg Stargard"]
[Date "2006.12.28"]
[Round "4.3"]
[White "Bachem, Lisa"]
[Black "Hielscher, Julia"]
[Result "0-1"]
[WhiteElo "781"]
[BlackElo "841"]
[PlyCount "66"]
[EventDate "2006.12.27"]
[EventType "team-swiss"]
[EventRounds "7"]
[EventCountry "GER"]
[SourceTitle "EXT 2008"]
[Source "ChessBase"]
[SourceDate "2007.11.25"]
[SourceVersion "1"]
[SourceVersionDate "2007.11.25"]
[SourceQuality "1"]
[WhiteTeam "Fritzdorf Gruen Weiss U14 Girls"]
[BlackTeam "Guennigfeld SV U14 Girls"]
[WhiteTeamCountry "GER"]
[BlackTeamCountry "GER"]

1. e4 e5 2. Nf3 Nc6 3. Nc3 Bb4 4. a3 Bxc3 5. dxc3 Nf6 6. Bd3 0-0 7. 0-0 d5 8. exd5 Nxd5 9. h3 h6 10. c4 Nf6 11. Re1 Re8 12. Be4 Qxd1 13. Rxd1 Nxe4 14. Re1 Nd6 15. c5 Nf5 16. b3 b6 17. Bb2 f6 18. g4 Nfe7 19. cxb6 axb6 20. Re2 Ng6 21. Nd2 Nf4 22. Re4 Nxh3+ 23. Kg2 Ng5 24. Rc4 Bb7 25. a4 Na5+ 26. Kg3 Nxc4 27. Nxc4 Red8 28. Re1 Ba6 29. Ne3 Bb7 30. f4 exf4+ 31. Kxf4 Ne6+ 32. Kf5 Bc8 33. Kg6 Nf4# 0-1

[Event "GER-chT U14 Girls"]
[Site "Burg Stargard"]
[Date "2006.12.27"]
[Round "1.3"]
[White "Spangenberg, Romy"]
[Black "Hielscher, Julia"]
[Result "0-1"]
[WhiteElo "1384"]
[BlackElo "841"]
[PlyCount "90"]
[EventDate "2006.12.27"]
[EventType "team-swiss"]
[EventRounds "7"]
[EventCountry "GER"]
[SourceTitle "EXT 2008"]
[Source "ChessBase"]
[SourceDate "2007.11.25"]
[SourceVersion "1"]
[SourceVersionDate "2007.11.25"]
[SourceQuality "1"]
[WhiteTeam "Leipzig Lindenau U14 Girls"]
[BlackTeam "Guennigfeld SV U14 Girls"]
[WhiteTeamCountry "GER"]
[BlackTeamCountry "GER"]

1. e4 e5 2. Nf3 Nc6 3. d4 d6 4. dxe5 Bg4 5. exd6 cxd6 6. Bb5 Nf6 7. Nc3 Be7 8. 0-0 0-0 9. Re1 Nd7 10. Bf4 Nde5 11. Bxc6 bxc6 12. Bxe5 Bxf3 13. Qxf3 dxe5 14. Rad1 Qc7 15. Qg4 Rab8 16. Rd7 Qa5 17. Rxe7 Rxb2 18. Re3 Qxc3 19. Qd1 Qxc2 20. Qxc2 Rxc2 21. Re1 Rxa2 22. Rc7 a5 23. Rxc6 a4 24. Rcc1 Ra8 25. h3 a3 26. Red1 h6 27. f3 Rb2 28. Ra1 a2 29. Kh2 Rab8 30. Rd5 Ra8 31. Rdd1 f6 32. Kg3 Kf8 33. Rg1 Rab8 34. Kh2 Ke7 35. Kg3 Rb1 36. Kh2 Rxg1 37. Rxg1 Kd6 38. Rh1 Rb2 39. Kg3 Kc5 40. Kg4 Rxg2+ 41. Kf5 Kb4 42. Ke6 Kb3 43. Kd5 Kb2 44. Rd1 a1Q 45. Rxa1 Kxa1 0-1

[Event "GER-chT U14 Girls"]
[Site "Dittrichshuette"]
[Date "2005.12.28"]
[Round "4.2"]
[White "Boehmer, Hanna"]
[Black "Hielscher, Julia"]
[Result "1-0"]
[WhiteElo "1207"]
[BlackElo "764"]
[PlyCount "75"]
[EventDate "2005.12.27"]
[EventType "team-swiss"]
[EventRounds "6"]
[EventCountry "GER"]
[SourceTitle "CBM 110 Extra"]
[Source "ChessBase"]
[SourceDate "2006.03.10"]
[SourceVersion "2"]
[SourceVersionDate "2006.03.10"]
[SourceQuality "1"]
[WhiteTeam "Endingen U14 Girls"]
[BlackTeam "Wattenscheid U14 Girls"]
[WhiteTeamCountry "GER"]
[BlackTeamCountry "GER"]

1. e4 e5 2. Nf3 Nc6 3. Bc4 Nf6 4. Nc3 Bc5 5. d3 0-0 6. Bg5 d6 7. Nd5 Bg4 8. Nxf6+ Kh8 9. Nxh7 Qd7 10. Nxf8 Rxf8 11. c3 Kg8 12. h3 Bh5 13. 0-0 a6 14. a4 a5 15. Re1 Na7 16. Be3 b6 17. d4 Bxd4 18. cxd4 Nc6 19. d5 Nb4 20. Bd2 c5 21. Be2 Bg6 22. Bb5 Qb7 23. Nh4 Bh7 24. Bxb4 axb4 25. b3 Qe7 26. Qg4 Qf6 27. Nf5 Bxf5 28. Qxf5 Qxf5 29. exf5 Rc8 30. a5 bxa5 31. Rxa5 f6 32. Bd7 Rf8 33. Be6+ Kh7 34. Rea1 Rh8 35. Ra8 Rxa8 36. Rxa8 g5 37. Rd8 Kg7 38. Rxd6 1-0

[Event "GER-chT U14 Girls"]
[Site "Dittrichshuette"]
[Date "2005.12.28"]
[Round "3.2"]
[White "Hielscher, Julia"]
[Black "Buerger, Nicoletta"]
[Result "1-0"]
[WhiteElo "764"]
[BlackElo "891"]
[PlyCount "53"]
[EventDate "2005.12.27"]
[EventType "team-swiss"]
[EventRounds "6"]
[EventCountry "GER"]
[SourceTitle "CBM 110 Extra"]
[Source "ChessBase"]
[SourceDate "2006.03.10"]
[SourceVersion "2"]
[SourceVersionDate "2006.03.10"]
[SourceQuality "1"]
[WhiteTeam "Wattenscheid U14 Girls"]
[BlackTeam "Untergrombach U14 Girls"]
[WhiteTeamCountry "GER"]
[BlackTeamCountry "GER"]

1. e4 e5 2. Nf3 Nc6 3. Nc3 Nf6 4. Nxe5 Nxe5 5. d4 Nc6 6. d5 Ne5 7. f4 Ng6 8. e5 Ng8 9. d6 cxd6 10. exd6 Qf6 11. Nb5 Kd8 12. g3 a6 13. Nc7 Rb8 14. Be3 Bxd6 15. Nd5 Qe6 16. Be2 N8e7 17. Bg4 f5 18. Bf3 b5 19. Qd2 Bb7 20. 0-0-0 Rc8 21. Qd4 Rg8 22. Qb6+ Bc7 23. Qxb7 Rf8 24. Rhe1 Ba5 25. Bb6+ Bxb6 26. Nxb6 Qxa2 27. Qxd7# 1-0